Online
Catalog

La Vega histórica / (Record no. 16756)

MARC details
000 -CABECERA
campo de control de longitud fija 01208nam a2200337 i 4500
001 - NÚMERO DE CONTROL
campo de control 000017231
003 - IDENTIFICADOR DEL NÚMERO DE CONTROL
campo de control DO-SdBNP
005 - FECHA Y HORA DE LA ÚLTIMA TRANSACCIÓN
campo de control 20260317111846.0
007 - CAMPO FIJO DE DESCRIPCIÓN FÍSICA--INFORMACIÓN GENERAL
campo de control de longitud fija ta
008 - DATOS DE LONGITUD FIJA--INFORMACIÓN GENERAL
campo de control de longitud fija 100319s20052009dr r 000 0 spa d
020 ## - NÚMERO INTERNACIONAL ESTÁNDAR DEL LIBRO
Número Internacional Estándar del Libro 9993442445
040 ## - FUENTE DE LA CATALOGACIÓN
Centro catalogador/agencia de origen DO-SdBNP
Lengua de catalogación spa
Centro/agencia transcriptor BNPHU
Normas de descripción rda
041 ## - CÓDIGO DE LENGUA
Código de lengua del texto/banda sonora o título independiente spa
082 #4 - NÚMERO DE LA CLASIFICACIÓN DECIMAL DEWEY
Número de clasificación 972.93697
Número de documento/Ítem E77v
Número de edición 22
100 1# - ENTRADA PRINCIPAL--NOMBRE DE PERSONA
Nombre de persona Espínola Reyes, Jovino A.,
Fechas asociadas al nombre 1892-1979
Término indicativo de función/relación autor
Código de función/relación aut.
9 (RLIN) 37884
245 13 - MENCIÓN DE TÍTULO
Título La Vega histórica /
Mención de responsabilidad, etc. Jovino A. Espínola Reyes ; presentación, Alejandro Arvelo.
264 #4 - PRODUCCIÓN, PUBLICACIÓN, DISTRIBUCIÓN, FABRICACIÓN Y COPYRIGHT
Producción, publicación, distribución, fabricación y copyright Santo Domingo :
Nombre del de productor, editor, distribuidor, fabricante Ediciones FERILIBRO,
Fecha de producción, publicación, distribución, fabricación o copyright ©2005-2009.
300 ## - DESCRIPCIÓN FÍSICA
Extensión 2 volumenes ;
Dimensiones 23 cm.
336 ## - TIPO DE CONTENIDO
Término de tipo de contenido texto
Código de tipo de contenido txt
Fuente rdacontent
337 ## - TIPO DE MEDIO
Nombre/término del tipo de medio sin mediación
Código del tipo de medio n
Fuente rdamedia
338 ## - TIPO DE SOPORTE
Nombre/término del tipo de soporte volumen
Código del tipo de soporte nc
Fuente rdacarrier
490 0# - MENCIÓN DE SERIE
Mención de serie FERILIBRO
Designación de volumen o secuencia 78
590 ## - NOTA LOCAL (RLIN)
Nota local Inventariado, 2026/BT
650 #4 - PUNTO DE ACCESO ADICIONAL DE MATERIA--TÉRMINO DE MATERIA
Término de materia o nombre geográfico como elemento de entrada Ciudades y pueblos
Subdivisión general República dominicana
9 (RLIN) 1095
651 #4 - PUNTO DE ACCESO ADICIONAL DE MATERIA--NOMBRE GEOGRÁFICO
Nombre geográfico Concepción de la Vega (Republica Dominicana )
9 (RLIN) 2180
651 #4 - PUNTO DE ACCESO ADICIONAL DE MATERIA--NOMBRE GEOGRÁFICO
Nombre geográfico La Vega (República Dominicana)
Subdivisión general Vida social y costumbres
9 (RLIN) 8244
651 #4 - PUNTO DE ACCESO ADICIONAL DE MATERIA--NOMBRE GEOGRÁFICO
Nombre geográfico La Vega (República Dominicana)
Subdivisión general Descripción
9 (RLIN) 37885
700 1# - PUNTO DE ACCESO ADICIONAL--NOMBRE DE PERSONA
Nombre de persona Arvelo, Alejandro
Término indicativo de función/relación presentador
9 (RLIN) 147
Código de función/relación pr.
910 ## - DATOS DE OPCIÓN DEL USUARIO (OCLC)
Datos de opción del usuario Validado. Control de calidad BNPHU
942 ## - ELEMENTOS DE PUNTO DE ACCESO ADICIONAL (KOHA)
Fuente del sistema de clasificación o colocación Dewey Decimal Classification
Tipo de ítem Koha Libro
Holdings
Estado de retiro Estado de pérdida Fuente del sistema de clasificación o colocación Restricciones de uso No para préstamo Código de colección Localización permanente Ubicación/localización actual Ubicación en estantería Fecha de adquisición Fuente de adquisición Total de préstamos Signatura topográfica completa Código de barras Fecha visto por última vez Número de copia Precio válido a partir de Tipo de ítem Koha
    Dewey Decimal Classification Préstamo en sala   Dominicana de Servicio Biblioteca Nacional Pedro Henríquez Ureña Biblioteca Nacional Pedro Henríquez Ureña Depósito 11.03.2011 Compra   BNPHU DS 972.93697 E77v 2005 17231-60 25.06.2020 v.1, e.3 25.06.2020 Libro
    Dewey Decimal Classification Excluido de préstamo   Patrimonio Dominicano Biblioteca Nacional Pedro Henríquez Ureña Biblioteca Nacional Pedro Henríquez Ureña Depósito 26.03.2010 Depósito Legal   BNPHU PD 972.93697 E77v 2005 17231-10 25.06.2020 v.1 25.06.2020 Libro
    Dewey Decimal Classification Excluido de préstamo   Patrimonio Dominicano Biblioteca Nacional Pedro Henríquez Ureña Biblioteca Nacional Pedro Henríquez Ureña Depósito 24.04.2010 Compra   BNPHU PD 972.93697 E77v 2005 17231-20 25.06.2020 v.1, e.2 25.06.2020 Libro
    Dewey Decimal Classification Excluido de préstamo   Patrimonio Dominicano Biblioteca Nacional Pedro Henríquez Ureña Biblioteca Nacional Pedro Henríquez Ureña Depósito 16.03.2026 Depósito Legal   BNPHU PD 972.93697 E77v 2009 2026-2209 16.03.2026 v.2 16.03.2026 Libro
    Dewey Decimal Classification Excluido de préstamo   Patrimonio Dominicano Biblioteca Nacional Pedro Henríquez Ureña Biblioteca Nacional Pedro Henríquez Ureña Depósito 16.03.2026 Donado por Isabel Medina   BNPHU PD 972.93697 E77v 2009 2026-2211 16.03.2026 v.2, e.2 16.03.2026 Libro

Powered by Koha